Nelson Demille Books Quiz Stats

 Plays Quiz not verified by Sporcle

Score 0/16 Timer 05:00
0 Plays Today
% Correct
The Lion
95.1%
The Charm School
90.2%
The Lion's Game
90.2%
Plum Island
82.9%
The General's Daughter
78%
The Gold Coast
75.6%
Up Country
68.3%
Cathedral
65.9%
% Correct
The Gate House
65.9%
Night Fall
61%
Wild Fire
58.5%
By The Rivers Of Babylon
56.1%
Mayday
41.5%
Spencerville
41.5%
Word of Honor
36.6%
The Talbot Odyssey
31.7%

You're not logged in!

Compare scores with friends on all Sporcle quizzes.
OR
Log In

Sporcle TV

Today on Sporcle TV


Watch our educational content, quiz creation guides, and fun videos on Sporcle TV.

Show Comments

Extras

Top Quizzes Today


Score Distribution

Your Account Isn't Verified!

In order to create a playlist on Sporcle, you need to verify the email address you used during registration. Go to your Sporcle Settings to finish the process.

Report this User

Report this user for behavior that violates our Community Guidelines.

Details: